| 000 | 01009nam0a22002291i 4500 | ||
|---|---|---|---|
| 001 | rc\2184925 | ||
| 005 | 20240723190834.0 | ||
| 035 | _a(NLR Aleph) 006483607 | ||
| 090 |
_a6059243 _c6059243 |
||
| 100 | _a20110829d1978 |||y0rusy50 ca | ||
| 101 | 0 | _arus | |
| 102 | _aRU | ||
| 105 | _ay d ||||| | ||
| 200 | 1 |
_aПартийное руководство идейно-политическим воспитанием молодежи в условиях строительства развитого социализма _e(На материалах ПНР) _eАвтореф. дис. на соиск. учен. степ. к. и. н. |
|
| 210 |
_aМосква _d1978 |
||
| 215 | _a22 с. | ||
| 300 | _aВ надзаг.: МГУ им. М.В. Ломоносова, Специализир. совет по теории науч. коммунизма № 2 (К.053.05.42) | ||
| 700 | 1 |
_aКорч _bС. _gСергиуш |
|
| 801 | 0 |
_aRU _bNLR _gpsbo |
|
| 801 | 1 |
_aRU _bELAR _2rusmarc |
|
| 852 |
_aNLR _j80-4/11010 |
||
| 942 | _cBOOK | ||